00718 2200265 4500001002100000005001500021035002500036090001900061245005200080260005400132300002300186008004100209040001700250082001500267084001700282100002000299500003300319650001400352850001200366041000800378990001200386990001800398990001800416990001800434YOGYA00000000004507320190120115325 a0010-081400000044791 aL 551.48 JAL o0 aOceanographical cruise report /cR.V. Jalanidhi aJakarta :bIndonesia Institute of Sciences,c1973 a... jilid ;c21 cm130831s1973 jki f eng d aYOPDYOGbind04223a551.48 a551.48 JAL o1 aJalanidhi, R.V. aYang diterima jilid 8, 9, 10 4aHidrologi aYOPDYOG0 aeng a12220-A a62572-PD/A.18 a62573-PD/A.18 a62574-PD/A.18